|
|
|
|
| LEADER |
01507nam a2200409Ia 4500 |
| 001 |
EBC616241 |
| 003 |
MiAaPQ |
| 005 |
20200520144314.0 |
| 006 |
m o d | |
| 007 |
cr cn||||||||| |
| 008 |
100422s2010 mdua sb 001 0 eng d |
| 010 |
|
|
|z 2010014730
|
| 020 |
|
|
|z 9780742566880 (cloth : alk. paper)
|
| 020 |
|
|
|z 9780742566897 (pbk. : alk. paper)
|
| 020 |
|
|
|a 9780742566903 (electronic bk.)
|
| 035 |
|
|
|a (MiAaPQ)EBC616241
|
| 035 |
|
|
|a (Au-PeEL)EBL616241
|
| 035 |
|
|
|a (CaPaEBR)ebr10404865
|
| 035 |
|
|
|a (CaONFJC)MIL271337
|
| 035 |
|
|
|a (OCoLC)700699437
|
| 040 |
|
|
|a MiAaPQ
|c MiAaPQ
|d MiAaPQ
|
| 050 |
|
4 |
|a HF1721
|b .L96 2010
|
| 082 |
0 |
4 |
|a 382/.91
|2 22
|
| 100 |
1 |
|
|a Lynch, David A.,
|d 1966-
|
| 245 |
1 |
0 |
|a Trade and globalization
|h [electronic resource] :
|b an introduction to regional trade agreements /
|c David A. Lynch.
|
| 260 |
|
|
|a Lanham :
|b Rowman & Littlefield,
|c c2010.
|
| 300 |
|
|
|a xvi, 329 p. :
|b ill.
|
| 504 |
|
|
|a Includes bibliographical references and index.
|
| 533 |
|
|
|a Electronic reproduction. Ann Arbor, MI : ProQuest, 2015. Available via World Wide Web. Access may be limited to ProQuest affiliated libraries.
|
| 650 |
|
0 |
|a Commercial treaties.
|
| 650 |
|
0 |
|a International trade.
|
| 650 |
|
0 |
|a Regionalism
|x Economic aspects.
|
| 650 |
|
0 |
|a Trade blocs.
|
| 650 |
|
0 |
|a Foreign trade regulation.
|
| 655 |
|
4 |
|a Electronic books.
|
| 710 |
2 |
|
|a ProQuest (Firm)
|
| 856 |
4 |
0 |
|u https://ebookcentral.proquest.com/lib/matrademy/detail.action?docID=616241
|z Click to View
|